LEADER 00953nam0 22002651i 450 001 UON00259751 005 20231205103707.216 010 $a98-06-36135-0 100 $a20041220d1995 |0itac50 ba 101 $aspa 102 $aES 105 $a|||| ||||| 200 1 $aLuna de Italia$fJulio Miranda 210 $aCumana, Venezuela$cArco Secreto$d1995 215 $a61 p.$d20 cm 316 $adono Pro.ssa Riccio$5IT-UONSI BrasbrasSmarrito 620 $dCumana$3UONL003893 700 1$aMIRANDA$bJulio E.$3UONV134148$0685380 712 $aArco Secreto$3UONV270568$4650 801 $aIT$bSOL$c20241115$gRICA 899 $aSIBA - SISTEMA BIBLIOTECARIO DI ATENEO$2UONSI 912 $aUON00259751 950 $aSIBA - SISTEMA BIBLIOTECARIO DI ATENEO$dSI Bras bras Smarrito $eSI DA 313 5 dono Pro.ssa Riccio$sSmarrito 996 $aLuna de Italia$91238258 997 $aUNIOR